ნორმალური ფორმატი
MARC ფორმატი
ჩანაწერი Personal Name
ჩანაწერთა რაოდენობა, რომელიც გამოყენებულია: 1
001 - CONTROL NUMBER
- control field: 10635
003 - CONTROL NUMBER IDENTIFIER
- control field: GE_BSU
005 - DATE AND TIME OF LATEST TRANSACTION
- control field: 20210322173054.0
008 - FIXED-LENGTH DATA ELEMENTS
- fixed length control field: 210322|| aca||aabn | a|a d
040 ## - CATALOGING SOURCE
- Original cataloging agency: GE_BSU
- Transcribing agency: GE_BSU
100 ## - HEADING--PERSONAL NAME
- Personal name: Г.А. Выдрик и др.
- Relator term: ავტორი
670 ## - SOURCE DATA FOUND
- Source citation: Work cat.: (GE_BSU)46807: Будников,П.П. Булавин,И.А. Выдрик,Г.А. и др. 10632, Новая керамика :
